000 00230nam a2200097 a 4500
005 20200930070426.0
008 110905s2004 000 spa d
245 0 _aPeriplo de una vida III.
260 _as.l,
_cs.f.
999 _c33155
_d33155
040 _aDO-SdBNP